Trade unions and the dispersion of earnings in British establishments, 1980-90. (Record no. 28852)

000 -LEADER
fixed length control field 00557pab a2200193 454500
008 - FIXED-LENGTH DATA ELEMENTS--GENERAL INFORMATION
fixed length control field 180718b1995 xxu||||| |||| 00| 0 eng d
100 ## - MAIN ENTRY--PERSONAL NAME
Personal name Gosling, Amanda
245 ## - TITLE STATEMENT
Title Trade unions and the dispersion of earnings in British establishments, 1980-90.
260 ## - PUBLICATION, DISTRIBUTION, ETC.
Date of publication, distribution, etc. 1995
300 ## - PHYSICAL DESCRIPTION
Extent p.167-184
362 ## - DATES OF PUBLICATION AND/OR SEQUENTIAL DESIGNATION
Dates of publication and/or sequential designation May
650 ## - SUBJECT ADDED ENTRY--TOPICAL TERM
Topical term or geographic name entry element Labour unions - U.K.
650 ## - SUBJECT ADDED ENTRY--TOPICAL TERM
Topical term or geographic name entry element Trade unions - U.K.
650 ## - SUBJECT ADDED ENTRY--TOPICAL TERM
Topical term or geographic name entry element Wage bargaining - U.K.
650 ## - SUBJECT ADDED ENTRY--TOPICAL TERM
Topical term or geographic name entry element Wages - U.K.
700 ## - ADDED ENTRY--PERSONAL NAME
Personal name Machin, Stephen
773 ## - HOST ITEM ENTRY
Main entry heading Oxford Bulletin of Economics and Statistics
909 ## -
-- 28852
Holdings
Withdrawn status Lost status Damaged status Not for loan Permanent Location Current Location Date acquired Serial Enumeration / chronology Barcode Date last seen Price effective from Koha item type
        Indian Institute of Public Administration Indian Institute of Public Administration 2018-07-19 Volume no: 57, Issue no: 2 AR28976 2018-07-19 2018-07-19 Articles

Powered by Koha